Klicke auf die Länder in Afrika - Statistiken

Allgemein
  • Dieses Quiz wurde 749 mal gespielt
  • Das Durchschnittsergebnis liegt bei 30 aus 54
Antworten auf der Karte
Die Antworten werden auf der Karte rot bzw. grün angezeigt, abhängig davon wie oft sie richtig erraten wurden.
 
Antwortstatistiken
Antwort % Korrekt
Ägypten
93%
Algerien
78%
Madagaskar
71%
Südafrika
70%
Marokko
68%
Libyen
65%
Tunesien
65%
Äthiopien
64%
Angola
61%
Südsudan
61%
Kap Verde
60%
Sudan
60%
Demokratische Republik Kongo
59%
Eritrea
59%
Lesotho
59%
Somalia
59%
Äquatorialguinea
58%
Elfenbeinküste
58%
Namibia
58%
Mauretanien
57%
Nigeria
56%
Tschad
56%
Zentralafrikanische Republik
56%
Botswana
55%
Burkina Faso
54%
Kenia
54%
Mali
54%
Senegal
54%
Seychellen
54%
Benin
53%
Dschibuti
53%
Niger
53%
São Tomé und Príncipe
53%
Mosambik
52%
Komoren
51%
Ruanda
51%
Ghana
50%
Swasiland
50%
Togo
50%
Gambia
49%
Kamerun
49%
Malawi
49%
Mauritius
49%
Tansania
49%
Uganda
49%
Burundi
48%
Guinea-Bissau
48%
Kongo
47%
Guinea
45%
Sierra Leone
45%
Liberia
43%
Sambia
42%
Simbabwe
42%
Gabun
41%
Keine übereinstimmenden Quizze gefunden
Verteilung der Resultate
Anzahl Personen mit jedem Resultat
Perzentil nach korrekt beantworteten Fragen
Ihre Resultats-Entwicklung
Sie haben dieses Quiz noch nicht gespielt